000 00670nam a2200241Ia 4500
003 OSt
005 20221005090718.0
006 a|||||r|||| 00| 0
007 ta
008 221004b |||||||| |||| 00| 0 eng d
024 _a18978
037 _bGift, 05/06/2015,
_cTextual
040 _aCRL
_cCRL
_beng
041 _2eng
_aeng
082 _aO111,3M97,AA, J1
100 _aFaulkner William
245 0 _aAbsalom, absalom
260 _aNew York
_bModern Library U.S.A
_c1951
300 _a378p.
_ccm.
650 _aENGLISH LITERATURE
942 _hO111,3M97,AA, J1
_cTEXL
_2cc
999 _c996274
_d996274